Το Επιχειρηματικό Σχέδιο / Πρακτικός Οδηγός για τις Μικρές και Μεσαίες Επιχειρήσεις (Record no. 9679)
[ view plain ]
| 000 -LEADER | |
|---|---|
| fixed length control field | 02316cam a22002054a 4500 |
| 005 - ΗΜΕΡΟΜΗΝΙΑ ΚΑΙ ΩΡΑ ΤΕΛΕΥΤΑΙΑΣ ΕΝΗΜΕΡΩΣΗΣ | |
| Πεδίο ελέγχου | 20250605164406.0 |
| 008 - FIXED-LENGTH DATA ELEMENTS--GENERAL INFORMATION | |
| Πεδίο ελέγχου σταθερού μήκους | 250528s ||||||||||||||||||||||||d |
| 035 ## - SYSTEM CONTROL NUMBER | |
| System control number | 24840 |
| 040 ## - ΠΗΓΗ ΚΑΤΑΛΟΓΟΓΡΑΦΗΣΗΣ | |
| Φορέας πρωτότυπης καταλογογράφησης | MC Athens Campus Library |
| Γλώσσα καταλογογράφησης | Ελληνικά, Μοντέρνα (1453-) |
| Modifying agency | MC Athens Campus Library |
| Κανόνες περιγραφικής καταλογογράφησης | AACR2 |
| 245 1# - ΤΙΤΛΟΣ ΚΑΙ ΔΗΛΩΣΗ ΥΠΕΥΘΥΝΟΤΗΤΑΣ | |
| Τίτλος | Το Επιχειρηματικό Σχέδιο / Πρακτικός Οδηγός για τις Μικρές και Μεσαίες Επιχειρήσεις |
| 250 ## - EDITION STATEMENT | |
| Edition statement | 6η |
| 260 ## - PUBLICATION, DISTRIBUTION, ETC. | |
| Date of publication, distribution, etc. | 2022 |
| 300 ## - PHYSICAL DESCRIPTION | |
| Extent | 136 |
| 520 ## - SUMMARY, ETC. | |
| Summary, etc. | Πρόλογος, Εισαγωγή, Το Επιχειρηματικό Σχέδιο, Τί είναι το Επιχειρηματικό Σχέδιο, Πλεονεκτήματα του Επιχειρηματικού Σχεδίου, Πόσο Σημαντικό είναι το Επιχειρηματικό Σχέδιο, Δομή του Επιχειρηματικού Σχεδίου, Κορμός του Επιχειρηματικού Σχεδίου, Περιεχόμενα, Πληροφοριακό Δελτίο της Επιχείρησης, Επιχειρηματικό Περιβάλλον, Σχέδιο Marketing, Στόχος Πωλήσεων, Τιμολόγηση, Πελάτες, Προβολή και Διαφήμιση και Προώθηση, Λειτουργικό Σχέδιο, Λειτουργία της Επιχείθρησης, Τοποθεσία και Διευκολύνσεις, Εξοπλισμός, Προμηθευτές και Υπηρεσίες, Ανθρώπινο Δυναμικό και Οργάνωση και Διοίκηση, Προσωπικό και Διοίκηση, Οργανωτική Δομή, Οικονομικ΄ά Στοιχεία, Προσωπικά Οικονομικά Στοιχεία, Χρηματοδοτικά Εργαλεία, Οικονομικά Στοιχεία Επιχείρησης, Προϋπολογισμός Μετρητών, Προγραμματισμός, Στατιστικά Στοιχεία και Συγκρίσεις, Ανάλυση Πιθανών Προβλημάτων, Σχεδιάζοντας το Παρόν και το Μέλλον, Επίλογος, Πίνακες, Παραρτήματα, Βιβλιογραφία. |
| 700 1# - ΠΡΟΣΘΕΤΗ ΑΝΑΓΡΑΦΗ--ΦΥΣΙΚΟ ΠΡΟΣΩΠΟ | |
| Personal name | Κοκκορής Θεόδωρος |
| 9 (RLIN) | 9582 |
| 700 1# - ΠΡΟΣΘΕΤΗ ΑΝΑΓΡΑΦΗ--ΦΥΣΙΚΟ ΠΡΟΣΩΠΟ | |
| Personal name | Κοκκορής Θόδωρος Δ |
| 9 (RLIN) | 9583 |
| 942 ## - ADDED ENTRY ELEMENTS (KOHA) | |
| Koha item type | Books |
| Τύπος τεκμηρίου | Βιβλιοθήκη | Τρέχουσα τοποθεσία | Barcode | Αριθμός εισαγωγής | Ημερομηνία απόκτησης | Ταξιθετικό σύμβολο | Αριθμός αντιτύπου | Κατάσταση απόσυρσης | Κατάσταση χαμένου | Κατάσταση κατεστραμμένου | Μη δανεισμός | Σύνολο δανεισμών | Ημερομηνία τελευταίας εμφάνισης | Η τιμή ισχύει από |
|---|---|---|---|---|---|---|---|---|---|---|---|---|---|---|
| Books | MC Athens Campus Library | MC Athens Campus Library | 9780000096784 | 7779 | 05/06/2025 | 658.4012 KOK | 1 | 05/06/2025 | 05/06/2025 |